Представление документа в формате RUSMARC

ПолеНазваниеЗначение
  Тип записи a
  Библиографический уровень m
001 Контрольный номер RU/SLIB/B/208724918
005 Дата корректировки 20201206204001.2
010 Индекс ISBN __
d Цена 50-00
101 Язык документа __
a Язык текста rus
c Язык оригинала eng
200 Заглавие и сведения об ответственности 0_
a Заглавие 1600 лет под водой
f Первые сведения об ответственности Фалькон-Баркер Т. ; пер. с англ. А. С. Розенцвейга
b Общее обозначение материала Текст
210 Выходные данные __
a Место издания М.
c Издательство Мысль
d Дата издания 1967
215 Физическое описание __
a Объем 167 с.
c Иллюстрации/тип воспроизводства ил
225 Серия __
a Серия Путешествия. Приключения. Фантастика
517 Другие варианты заглавия __
a Другие варианты заглавия Тысяча шестьсот лет под водой
606 Тематические рубрики __
a Основная рубрика Археология
606 Тематические рубрики __
a Основная рубрика Всеобщая археология
610 Ключевые слова __
a Ключевые слова подводная археология; археологические исследования; археологические культуры; археологические открытия; археологические понятия; археологические раскопки
686 Индексы других классификаций __
a Классификационный индекс 63.48
700 Автор _1
a Фамилия Фалькон-Баркер
b Имя Т.
4 Код отношения 070
702 Вторичная интеллектуальная ответственность _1
a Фамилия Розенцвейг
b Имя А. С.
4 Код отношения Переводчик
4 Код отношения 730
801 Источник записи _0
a Страна RU
b Организация Муниципальное бюджетное учреждение культуры "Централизованная библиотечная система" г. Сургут (Центральная городская библиотека им. А. С. Пушкина)
g Правила каталогизации КИК/Елгина
801 Источник записи _1
a Страна RU
b Организация Муниципальное бюджетное учреждение культуры "Централизованная библиотечная система" г. Сургут (Центральная городская библиотека им. А. С. Пушкина)
g Правила каталогизации КИК/Елгина
852 Данные о местонахождении __
j Шифр хранения 63.48
i Авторский знак Ф 19
p Инвентарный номер 53804
901 Тип документа __
t Тип документа m
990 Данные о заказе (DOS) __
j Количество экземпляров (DOS) 1